[Event "Eger Osz op"]
[Site "Eger"]
[Date "2009.10.25"]
[Round "6"]
[White "Toth, Barnabas"]
[Black "Albert, Akos"]
[Result "1-0"]
[WhiteElo "2009"]
[BlackElo "1899"]
[PlyCount "33"]
[EventDate "2009.10.22"]
[EventType "swiss"]
[EventRounds "7"]
[EventCountry "HUN"]
[SourceTitle "EXT 2011"]
[Source "ChessBase"]
[SourceDate "2010.11.26"]
[SourceVersion "1"]
[SourceVersionDate "2010.11.26"]
[SourceQuality "1"]

1. e4 c5 2. Nf3 d6 3. d4 cxd4 4. Nxd4 Nf6 5. Nc3 g6 6. Be3 Bg7 7. f3 0-0 8. Bc4 Nc6 9. Qd2 a6 10. Bb3 Nxd4 11. Bxd4 b5 12. h4 Bd7 13. h5 a5 14. hxg6 hxg6 15. Bxf6 exf6 16. Qxd6 f5 17. Qxg6 1-0

[Event "HUN-chT3 9899"]
[Site "Hungary"]
[Date "1999.11.14"]
[Round "4"]
[White "Albert, Akos"]
[Black "Medvegyne Balogh, Emese"]
[Result "0-1"]
[WhiteElo "1731"]
[BlackElo "2501"]
[PlyCount "42"]
[EventDate "1998.09.??"]
[EventType "team"]
[EventRounds "11"]
[EventCountry "HUN"]
[SourceTitle "EXT 2001"]
[Source "ChessBase"]
[SourceDate "2000.11.22"]
[SourceVersion "1"]
[SourceVersionDate "2000.11.22"]
[SourceQuality "1"]

1. d4 d5 2. c4 e5 3. dxe5 d4 4. Nf3 Nc6 5. e3 Bb4+ 6. Bd2 dxe3 7. fxe3 Nge7 8. Nc3 Ng6 9. a3 Be7 10. Qc2 Ncxe5 11. Nd4 Bg4 12. Nce2 Qd7 13. h3 Be6 14. Ng3 Bh4 15. Kf2 Qd8 16. Be1 Qg5 17. Nde2 Nxc4 18. Qc3 0-0 19. b3 Nce5 20. Kg1 c6 21. Ne4 Nf3# 0-1